Capital to U.S. State Click Quiz #1 - Statistics

General Stats
  • This quiz has been taken 87 times
  • The average score is 20 of 25
Answer Stats
Hint Answer % Correct
Phoenix Arizona
94%
Austin Texas
94%
Honolulu Hawaii
93%
Boston Massachusetts
92%
Sacramento California
90%
Santa Fe New Mexico
87%
Montgomery Alabama
86%
Tallahassee Florida
86%
Columbus Ohio
86%
Raleigh North Carolina
82%
Des Moines Iowa
80%
Springfield Illinois
79%
Lincoln Nebraska
79%
Olympia Washington
79%
Hartford Connecticut
77%
Providence Rhode Island
75%
Madison Wisconsin
75%
Augusta Maine
73%
Saint Paul Minnesota
70%
Pierre South Dakota
70%
Salem Oregon
69%
Jefferson City Missouri
68%
Frankfort Kentucky
65%
Montpelier Vermont
65%
Concord New Hampshire
61%
No matching quizzes found
Score Distribution
Percent of People with Each Score
Percentile by Number Answered
Your Score History
You have not taken this quiz